Chemical Elements Abbreviations - Statistics

General Stats
  • This quiz has been taken 9 times
  • The average score is 16 of 20
Answer Stats
Hint Answer % Correct
Ac Actinium
100%
Al Aluminium
100%
Ar Argon
100%
As Arsenic
100%
At Astatine
100%
Be Beryllium
100%
Bi Bismuth
100%
B Boron
100%
Cd Cadmium
100%
Cs Caesium
100%
Ca Calcium
100%
Cf Californium
100%
C Carbon
100%
Cr Chromium
100%
Cu Copper
100%
Dy Dysprosium
100%
Fm Fermium
100%
Fr Francium
100%
Ga Gallium
100%
Au Gold
100%
Ho Holmium
100%
H Hydrogen
100%
Ir Iridium
100%
Fe Iron
100%
Kr Krypton
100%
Pb Lead
100%
Li Lithium
100%
Lv Livermorium
100%
Mg Magnesium
100%
Mg Manganese
100%
Hg Mercury
100%
Nd Neodymium
100%
Ne Neon
100%
N Nitrogen
100%
No Nobelium
100%
Os Osmium
100%
Pt Platinum
100%
Pu Plutonium
100%
K Potassium
100%
Rh Rhodium
100%
Rg Roentgenium
100%
Ru Ruthenium
100%
Sm Samarium
100%
Sc Scandium
100%
Ag Silver
100%
Sr Strontium
100%
S Sulfur
100%
Tc Technetium
100%
Te Tellurium
100%
Sn Tin
100%
Ti Titanium
100%
W Tungsten
100%
U Uranium
100%
Xe Xenon
100%
Y Yttrium
100%
Bk Berkelium
67%
Ce Cerium
50%
La Lanthanum
50%
Lu Lutetium
50%
Me Mendelevium
50%
Np Neptunium
50%
Nh Nihonium
50%
Rn Radon
50%
Am Americium
0%
Sb Antimony
0%
Ba Barium
0%
Bh Bohrium
0%
Br Bromine
0%
Cl Chlorine
0%
Co Cobalt
0%
Cn Copernicium
0%
Cm Curium
0%
Ds Darmstadtium
0%
Db Dubnium
0%
Es Einsteinium
0%
Er Erbium
0%
Eu Europium
0%
Fl Flerovium
0%
F Fluorine
0%
Gd Gadolinium
0%
Ge Germanium
0%
Hf Hafnium
0%
Hs Hassium
0%
He Helium
0%
In Indium
0%
I Iodine
0%
Lr Lawrencium
0%
Mt Meitnerium
0%
Mo Molybdenum
0%
Mc Moscovium
0%
Ni Nickel
0%
Nb Niobium
0%
Og Oganesson
0%
O Oxygen
0%
Pd Palladium
0%
P Phosphorus
0%
Po Polonium
0%
Pr Praseodymium
0%
Pm Promethium
0%
Pa Protactinium
0%
Ra Radium
0%
Re Rhenium
0%
Rb Rubidium
0%
Rf Rutherfordium
0%
Sg Seaborgium
0%
Se Selenium
0%
Si Silicon
0%
Na Sodium
0%
Ta Tantalum
0%
Ts Tennessine
0%
Tb Terbium
0%
Tl Thallium
0%
Th Thorium
0%
Tm Thulium
0%
V Vanadium
0%
Yb Ytterbium
0%
Zn Zinc
0%
Zr Zirconium
0%
No matching quizzes found
Score Distribution
Percent of People with Each Score
Percentile by Number Answered
Your Score History
You have not taken this quiz